The complete poems
Guardat en:
| Autor principal: | |
|---|---|
| Format: | Llibre |
| Idioma: | Undetermined |
| Publicat: |
New York, Estados Unidos
P. F. Collier & Son Corporation
1937
|
| Matèries: | |
| Etiquetes: |
Afegir etiqueta
Sense etiquetes, Sigues el primer a etiquetar aquest registre!
|
MARC
| LEADER | 00000nam a2200000Ia 4500 | ||
|---|---|---|---|
| 008 | 170316s9999 xx 000 0 und d | ||
| 040 | |a cru BVZT | ||
| 090 | |a CL | ||
| 100 | |a Milton, John | ||
| 245 | 4 | |a The complete poems | |
| 260 | |a New York, Estados Unidos | ||
| 260 | |b P. F. Collier & Son Corporation | ||
| 260 | |c 1937 | ||
| 300 | |a 459 páginas Vol. 4 | ||
| 650 | |a LITERATURA CLÁSICA | ||
| 999 | |c 14906 |d 14906 | ||
| 942 | |c 15 D |h CL |2 z | ||
